| 000 | 00864nam a2200277 u 4500 | ||
|---|---|---|---|
| 001 | 000056798 | ||
| 005 | 20200120223327.0 | ||
| 008 | 130621s2005 sp a br 000 0 spa d | ||
| 020 | _a9788496514386. | ||
| 041 | 0 | _aspa | |
| 043 | _ae-sp---- | ||
| 090 |
_aA _bSOLTbu |
||
| 100 | 1 | _aSoler Cobo, Teresa | |
| 245 | 1 | 0 |
_aBuscando a tom / _cTeresa Soler Cobo ; dibujos Armand González Cardona. |
| 250 | _a1a. ed. | ||
| 260 |
_a[Madrid] : _bAlgar, _c2005. |
||
| 300 |
_a[12] P. : _bil., col. |
||
| 490 |
_aMis primeros calcetines _aLeemos : B, H _v8 |
||
| 650 | 1 | 4 | _aÁlbumes infantiles españoles |
| 650 | 2 | 4 | _aLiteratura infantil española. |
| 650 | 2 | 4 | _aJuegos en la literatura. |
| 650 | 2 | 4 | _aAnimales en la literatura. |
| 650 | 2 | 4 | _aNiños en la literatura. |
| 650 | 2 | 4 | _aLibros y lectura para niños. |
| 700 | 1 |
_aGonzález Cardona, Armand, _eilustrador. |
|
| 999 |
_c6095 _d6095 |
||